000 00777nam a2200253Ia 4500
003 OSt
005 20220927105405.0
006 a|||||r|||| 00| 0
007 ta
008 220926b |||||||| |||| 00| 0 eng d
020 _a9789211170481
024 _a191330
037 _cReference Collections
040 _aRTL
_cRTL
_beng
041 _2eng
_aeng
082 _a"X9(D2).M82, UN"
110 _a"UNITED NATIONS, ECONOMIC COMMISSION FOR EUROPE"
245 0 _aInland Transport Committee
_b Working party on inland water transport. Signi
260 _aNew
_bYork United Nations
_c2011
300 _a61p
_ccm.
700 _a"UNITED NATIONS, ECONOMIC COMMISSION FOR EUROPE"
942 _h"X9(D2).M82, UN"
_cCC
999 _c692290
_d692290